00873nam a2200205 a 450000100100000000500170001000800410002702000150006804000250008308200130010810000210012124501280014226000540027030000210032449000330034550000760037850001520045470000280060683000330063400004165920201002035706.0131015s1996 sp 000 0 spa d a840007632X aDO-SdBNPbspacBNPHU axxxbxxx1 aReinhardt, Klaus10aEstancia y predicación de Santiago Apóstol en España según Roa Dávila /cKlaus Reinhardt, Horacio Santiago-Otero. aMadrid :bCentro de Estudios Históricos,c1996. a101 p. ;c24 cm.1 aMedievalia et humanisticav6 aIncluye datos biográficos de los autores en la solapa de la cubierta. aApéndice: Apologia pro defensione veritatis adventus in Hyspaniam et praedicationis personalis sancti Jacobi apostoli, Zebedaei maioris, in ipsa.12aSantiago-Otero, Horacio 0aMedievalia et humanistican6